Finančná analýza vybraného podniku bakalárska práca

Gespeichert in:
Bibliographische Detailangaben
1. Verfasser: Chomová, Magdaléna
Körperschaft: Podnikovohospodárska fakulta EU so sídlom v Košiciach. Katedra finančného riadenia podniku
Weitere Verfasser: Beslerová, Stela
Format: Buch
Sprache:Slowakisch
Veröffentlicht: Košice 2015
Tags: Tag hinzufügen
Keine Tags, Fügen Sie das erste Tag hinzu!

MARC

LEADER 00000nbm a2200000 4500
001 0202260
005 20161212094504.3
041 0 |a slo 
044 |a SK 
245 1 0 |a Finančná analýza vybraného podniku  |b bakalárska práca  |c Magdaléna Chomová ; školiteľ: Stela Beslerová 
264 1 |a Košice  |c 2015 
300 |a 54 s. 
100 1 |a Chomová, Magdaléna 
700 1 |a Beslerová, Stela 
710 2 |a Podnikovohospodárska fakulta EU so sídlom v Košiciach. Katedra finančného riadenia podniku